| 000 | 00824cam a22002773a 4500 | ||
|---|---|---|---|
| 001 | 24508 | ||
| 003 | PGUSA | ||
| 005 | 20140828083526.0 | ||
| 008 | 080204s2008||||xxu|||||s|||||000 | eng d | ||
| 040 |
_aPGUSA _beng |
||
| 042 | _adc | ||
| 050 | 4 | _aDP | |
| 050 | 4 | _aCT | |
| 100 | 1 |
_aPina, Rui de, _d1440-1521 |
|
| 245 | 1 | 0 |
_aChronica de el-rei D. Affonso V (Vol. III) _h[electronic resource] / _cRui de Pina |
| 260 |
_bProject Gutenberg, _c2008 |
||
| 506 | _aPublic domain in the USA. | ||
| 516 | _aElectronic text | ||
| 653 | _aBiography | ||
| 653 | _aAfonso V, King of Portugal, 1432-1481 | ||
| 653 | _aPortugal -- History -- Alfonso V, 1438-1481 | ||
| 740 | 0 | _aCrónica de el-rei D. Afonso V (Vol. III) | |
| 830 | 0 |
_aProject Gutenberg _v24508 |
|
| 856 | 4 | 0 | _uhttp://www.gutenberg.org/ebooks/24508 |
| 942 | _cEB | ||
| 999 |
_c253763 _d253763 |
||